Statistics for 2 Letter Scrabble Words

Click here to take the quiz!

General Stats

  • This quiz has been taken 270 times
  • The average score is 58 of 101

Answer Stats

Answer% Correct
as
88%
am
87%
at
86%
an
84%
be
84%
ab
83%
ad
82%
do
81%
al
80%
ah
79%
aa
77%
bo
77%
no
76%
ag
75%
ar
74%
aw
74%
ba
74%
it
74%
ae
73%
in
73%
is
73%
he
72%
me
72%
ai
71%
ax
71%
go
71%
ay
70%
bi
70%
en
70%
lo
70%
on
70%
hi
69%
ho
69%
er
68%
so
67%
de
66%
la
66%
by
65%
em
65%
et
65%
if
65%
mo
65%
ha
64%
of
64%
to
64%
fa
63%
el
62%
es
62%
mi
62%
ma
61%
eh
60%
ed
59%
ef
59%
fe
58%
my
58%
ex
57%
li
56%
pi
56%
mu
54%
na
54%
ne
54%
re
54%
jo
53%
we
53%
or
52%
ka
50%
pa
50%
ki
47%
id
46%
nu
46%
op
46%
si
46%
ti
46%
oh
45%
pe
45%
ta
43%
om
41%
ye
41%
yo
41%
od
40%
ya
40%
za
40%
up
39%
ow
38%
mm
37%
oi
37%
ox
37%
us
37%
hm
34%
oy
34%
os
33%
oe
32%
qi
32%
xi
31%
un
30%
wo
30%
um
26%
uh
23%
ut
23%
sh
22%
xu
20%

Score Distribution

Percentile by Number Answered

Percent of People with Each Score

Your Score History

You have not taken this quiz